| 000 | 00446nam a22001697a 4500 | ||
|---|---|---|---|
| 003 | CEME | ||
| 005 | 20210628203710.0 | ||
| 008 | 210324b xxu||||| |||| 00| 0 eng d | ||
| 020 | _a0-340-63183-X | ||
| 040 | _c. | ||
| 082 | _a620.3 BEA'E | ||
| 100 |
_aBeards, C.F _924641 |
||
| 245 | _aEngineering viberation analysis with application to control systems | ||
| 260 |
_aLONDON _bEDWARD ARNOLD _c1995 |
||
| 300 | _aXVIII,426P | ||
| 942 |
_cBK _2ddc |
||
| 999 |
_c574772 _d574772 |
||